|
|
|
|
| LEADER |
00699cam a2200205 7i4500 |
| 001 |
0000027021 |
| 005 |
20111101090000.0 |
| 020 |
0 |
0 |
|a 9780230114180
|
| 090 |
0 |
0 |
|a M 297.576
|b FIS
|
| 100 |
1 |
0 |
|a Fischer
|
| 245 |
1 |
4 |
|a The Halal frontier :
|b muslim consumers in a globalized market.
|
| 260 |
0 |
0 |
|a New York:
|b Palgrave Macmilan,
|c 2011.
|
| 300 |
# |
# |
|a 186p.
|
| 650 |
0 |
0 |
|a Muslims --
|x Dictary laws --
|z Malaysia
|
| 650 |
0 |
0 |
|a Halal food industry
|
| 650 |
0 |
0 |
|a Halal food industry --
|z Malaysia
|
| 650 |
0 |
0 |
|a Food --
|x Religious aspects --
|x Islam --
|z Malaysia
|
| 650 |
0 |
0 |
|a Theological anthropology --
|x Islam --
|z Malaysia
|
| 651 |
0 |
0 |
|a Malaysia
|
| 999 |
|
|
|a B000029560
|b Book
|c Book
|e Business Information Centre
|